[Event "Challenge"]
[Site "http://www.queenalice.com/game.php?id=1848321"]
[Date "2024.12.5"]
[Round "-"]
[White "nathmurr"]
[Black "DAN1958"]
[Result "1-0"]
[WhiteElo "1679"]
[BlackElo "1478"]

1. e4 e5 2. d3 c5 3. Be3 b6 4. Nh3 h6 5. Qf3 f6 6. d4 Bb7 7. Qh5+ Ke7 8. dxe5
Qe8 9. exf6+ Nxf6 10. Qe5+ Kd8 11. Qxe8+ Kxe8 12. e5 Nd5 13. Bc4 Nb4 14. Na3 a6
15. c3 N4c6 16. e6 Ke7 17. O-O-O Ne5 18. Bd5 Bxd5 19. Rxd5 Nec6 20. Nf4 dxe6 21.
Rd2 Nd7 22. Ng6+ Kf7 23. Nxh8+ Kf6 24. Rxd7 Be7 25. Ng6 Kxg6 26. Rc7 Bg5 27.
Bxg5 Kxg5 28. Rxc6 Kf6 29. Rxb6 Ke5 30. Re1+ Kf6 31. Rexe6+ Kf7 32. Rxa6 Rxa6
33. Rxa6 c4 34. Nxc4 Kg8 35. b4 Kh7 36. b5 1-0

[Event "Challenge"]
[Site "http://www.queenalice.com/game.php?id=1849079"]
[Date "2024.12.20"]
[Round "-"]
[White "DAN1958"]
[Black "nathmurr"]
[Result "1-0"]
[WhiteElo "1470"]
[BlackElo "1687"]

1. e4 e5 2. Nf3 d6 3. c4 f5 4. d3 fxe4 5. dxe4 c5 6. Nc3 h6 7. h3 Be6 8. b3 g5
9. Nd5 Bxd5 10. Qxd5 Ne7 11. Qd3 Nbc6 12. Bd2 a5 13. a4 Nb4 14. Bxb4 axb4 15. g4
h5 16. Nh2 hxg4 17. Nxg4 Ng6 18. Rd1 Nf4 19. Qb1 b6 20. f3 Nh5 21. Rg1 Nf4 22.
Rg3 Rh4 23. Rd2 Nh5 24. Rgg2 Qd7 25. Qd1 Rxh3 26. Rg1 Rg3 27. Rxg3 Nxg3 28. Nf6+
1-0

[Event "Challenge"]
[Site "http://www.queenalice.com/game.php?id=1849455"]
[Date "2024.12.29"]
[Round "-"]
[White "DAN1958"]
[Black "nathmurr"]
[Result "0-1"]
[WhiteElo "1534"]
[BlackElo "1662"]

1. e4 c5 2. d3 d5 3. Nd2 dxe4 4. dxe4 e5 5. Ngf3 Bg4 6. h3 Bxf3 7. gxf3 Be7 8.
Nc4 Qxd1+ 9. Kxd1 Nc6 10. c3 O-O-O+ 11. Bd2 b5 12. Na3 a6 13. Rg1 g6 14. Rc1 h6
15. f4 exf4 16. f3 c4 17. Be2 Bc5 18. Rg4 g5 19. Nb1 Nf6 20. Rg2 Be3 21. Kc2 Rd7
22. Rd1 Bxd2 23. Rxd2 Rxd2+ 24. Nxd2 a5 25. a3 a4 26. Bf1 Nh5 27. Be2 Ng3 28.
Nf1 Nxe2 29. Rxe2 Re8 30. Nd2 Ne5 31. Re1 h5 32. Rg1 g4 33. hxg4 hxg4 34. fxg4
Rg8 35. g5 f6 36. Rf1 fxg5 37. Nf3 Nxf3 38. Rxf3 Kd7 39. Kd2 Ke6 40. Rf1 Ke5 41.
Ke2 Kxe4 42. Kf2 g4 43. Kg2 Rh8 44. Rh1 Rxh1 45. Kxh1 f3 46. Kg1 g3 47. Kf1 Ke3
48. Kg1 g2 49. Kh2 Kf2 0-1

[Event "Challenge"]
[Site "http://www.queenalice.com/game.php?id=1850020"]
[Date "2025.1.9"]
[Round "-"]
[White "nathmurr"]
[Black "DAN1958"]
[Result "1-0"]
[WhiteElo "1673"]
[BlackElo "1498"]

1. e4 e5 2. d3 f6 3. f4 Nc6 4. Be3 b6 5. Nf3 Qe7 6. Qe2 Qb4+ 7. c3 Qd6 8. f5 g5
9. Nfd2 Qe7 10. Qh5+ Qf7 11. Qxf7+ Kxf7 12. Be2 h5 13. g3 Bc5 14. Kf2 Bxe3+ 15.
Kxe3 d6 16. d4 Bd7 17. Bc4+ Kg7 18. Bd5 a5 19. b4 axb4 20. cxb4 Ra4 21. Bxc6
Bxc6 22. a3 h4 23. g4 Ne7 24. d5 Bd7 25. Rc1 c6 26. Nc4 Rha8 27. Nxb6 cxd5 28.
Nxa8 Rxa8 29. Rc7 Rd8 30. a4 Kf7 31. b5 d4+ 32. Kd3 d5 33. Nd2 Nc8 34. exd5 Ke8
35. Ne4 Kf7 36. Nc5 Ke7 37. Nxd7 Rxd7 38. Rxc8 Kd6 39. a5 Rc7 40. Rxc7 Kxc7 41.
Rc1+ Kd6 42. b6 1-0